Sandusky County Ohio Cities, Towns, and Townships - Statistics

General Stats
  • This quiz has been taken 6 times
    5 since last reset
  • The average score is 16 of 27
Answer Stats
City, Town,
Township
City/Town % Correct
Incorporated Clyde
100%
Incorporated Fremont
100%
Incorporated Gibsonburg
100%
Incorporated Green Springs
100%
Unicorporated Vickery
100%
Unicorporated Ballville
67%
Township Ballville
67%
Incorporated Bellevue
67%
Incorporated Helena
67%
Incorporated Lindsey
67%
Township Riley
67%
Township Townsend
67%
Unicorporated Whites Landing
67%
Incorporated Woodville
67%
Township Woodville
67%
Incorporated Burgoon
33%
Township Green Creek
33%
Unicorporated Hessville
33%
Township Jackson
33%
Township Madison
33%
Township Rice
33%
Township Sandusky
33%
Township Scott
33%
Unicorporated Stony Prairie
33%
Township Washington
33%
Unicorporated Wightmans Grove
33%
Township York
33%
No matching quizzes found
Score Distribution
Percent of People with Each Score
Percentile by Number Answered
Your Score History
You have not taken this quiz since the last reset